Getting more from your Bible / (Record no. 143)

MARC details
000 -LEADER
fixed length control field 00789nam a2200265 a 4500
001 - CONTROL NUMBER
control field 4716495
003 - CONTROL NUMBER IDENTIFIER
control field GBCCL
005 - DATE AND TIME OF LATEST TRANSACTION
control field 20241126110331.0
008 - FIXED-LENGTH DATA ELEMENTS--GENERAL INFORMATION
fixed length control field 840927s1984 ilua b 001 0 eng
010 ## -
-- 83060822
020 ## - INTERNATIONAL STANDARD BOOK NUMBER
International Standard Book Number 0882073001 (pbk.)
040 ## - CATALOGING SOURCE
Original cataloging agency DLC
Transcribing agency DLC
Modifying agency DLC
050 00 -
-- BS538.3
-- .H34 1984
082 00 - DEWEY DECIMAL CLASSIFICATION NUMBER
Classification number 220.071
Edition information 19
Item number HAL
100 1# - MAIN ENTRY--PERSONAL NAME
Personal name Hall, Terry,
Dates associated with a name 1941-
9 (RLIN) 1839
245 10 - TITLE STATEMENT
Title Getting more from your Bible /
Statement of responsibility, etc. Terry Hall.
260 ## - PUBLICATION, DISTRIBUTION, ETC.
Place of publication, distribution, etc. Wheaton, Ill. :
Name of publisher, distributor, etc. Victor Books,
Date of publication, distribution, etc. c1984.
300 ## - PHYSICAL DESCRIPTION
Extent 215 p. :
Other physical details ill. ;
Dimensions 21 cm.
500 ## - GENERAL NOTE
General note "A Victor adult elective/13 sessions"--P. 4 of cover.
500 ## - GENERAL NOTE
General note Includes index.
504 ## - BIBLIOGRAPHY, ETC. NOTE
Bibliography, etc. note Bibliography: p. 207-209.
630 00 - SUBJECT ADDED ENTRY--UNIFORM TITLE
Uniform title Bible
General subdivision Use.
9 (RLIN) 1787
906 ## - LOCAL DATA ELEMENT F, LDF (RLIN)
a 7
b cbc
c orignew
d 2
e opcn
f 19
g y-gencatlg
942 ## - ADDED ENTRY ELEMENTS (KOHA)
Source of classification or shelving scheme Dewey Decimal Classification
Koha item type Books
Holdings
Withdrawn status Lost status Source of classification or shelving scheme Damaged status Not for loan Home library Current Library Shelving location Date acquired Total checkouts Full call number Barcode Date last seen Copy number Price effective from Koha item type
    Dewey Decimal Classification     GRACE BIBLE COLLEGE GRACE BIBLE COLLEGE Biblical Studies 2016-05-27   220.071 HAL 001656 2025-05-01 c.1 2016-05-27 Books
© Grace Bible College Library 2025